Normal view
MARC view
- AMEER AHMED
Entry Personal Name
001 - CONTROL NUMBER
- control field: 72827
003 - CONTROL NUMBER IDENTIFIER
- control field: NUST
005 - DATE AND TIME OF LATEST TRANSACTION
- control field: 20210628204922.0
008 - FIXED-LENGTH DATA ELEMENTS
- fixed length control field: 210628|| aca||aabn | a|a d
040 ## - CATALOGING SOURCE
- Original cataloging agency: NUST
- Transcribing agency: NUST
100 ## - HEADING--PERSONAL NAME
- Personal name: AMEER AHMED
670 ## - SOURCE DATA FOUND
- Source citation: Work cat.: (NUST): AMEER AHMED, TH-SOF-0786-The Impact of Career Self Management on Employees Organizational Commitment in the Banking Sector of Pakistan, 2001
